Statistics for hArDeSt RiDdLeS iN jEtPuNk

Click here to take the quiz!

General Stats

  • This quiz has been taken 25 times
  • The average score is 2 of 5

Answer Stats

HintAnswer% Correct
3. There was a robbery last night the detective
did not know who robbed the bank there were
3 suspects Aaron said, I was sleeping last night and
did not hear an explosion Michael said, My house was near the bank
I did not even hear anything!, Nicole said, I was just sleeping too.
Who Is SUS?
Michael
79%
5.Which door shall you choose? Lion that has not eaten for 3 years, Fire, 728,900 clownsLion that has not eaten for 3 years
42%
4. It was evening, And its a murder mystery this time, There was someone killed
at the restaurant, the one who was killed was at the bathroom, 3 suspects were there the first one said, I was just about to enter the restaurant, The 2nd one said i was just peeing at the bathroom, The 3rd one said I was ordering my food
2nd One
26%
2.If you take the whole of me
I still have more what am I?
Wholesome
26%
1. A man was born in 1993
but died in 1957
The man was born in BCE
21%

Score Distribution

Percentile by Number Answered

Percent of People with Each Score

Your Score History

You have not taken this quiz